000 00941nam a2200265 i 4500
001 15459
003 ES-MaACL
005 20260201171942.0
007 t|
008 000316s1997 sp |||| | spa d
020 _a84-7914-311-8
080 _a252
100 1 _aAntonio María Claret
_cSanto.
_921986
245 1 0 _aEscritos pastorales /
_cSan Antonio María Claret ; edición preparada por José María Viñas y Jesús Bermejo ; presentación de Fernando Sebastián Aguilar.
260 _aMadrid :
_bBiblioteca de Autores Cristianos,
_c1997.
300 _aXXXVIII, 686 p. ;
_c19 cm.
490 1 _aBiblioteca de autores cristianos ;
_v577
650 1 7 _aSermones
_2embne
_9136819
700 1 _aViñas, José María.
_9115376
700 1 _aBermejo, Jesús.
_928087
700 0 _aSebastián Aguilar, Fernando
_9105013
830 0 0 _aBiblioteca de autores cristianos
_v577
_9178679
852 _aES-MaACL
_jJ-564
999 _c15459
_d15459